| 000 | 00497nam a2200193Ia 4500 | ||
|---|---|---|---|
| 008 | 170918s9999 xx 000 0 und d | ||
| 020 | _a9780545283953 | ||
| 050 | _bM679 2007 | ||
| 100 | _aMitchard, Jacquelyn | ||
| 245 | _aReady, set, school! | ||
| 245 | _cby Jacquelyn Mitchard ; illustrated by Paul Ratz de Tagyos. | ||
| 260 | _aNew York : | ||
| 260 | _bScholastic, | ||
| 260 | _c2007 | ||
| 300 | _aunpaged : | ||
| 300 | _bcolored illustration ; | ||
| 300 | _c27cm. | ||
| 500 | _a700 | ||
| 999 |
_c342804 _d342804 |
||